00732cam a22002171 4500001001300000003000400013005001700017008004100034010001700075035002000092040002600112042001200138050002000150060002300170100005500193245015800248250001800406260004700424300002600471999001700497med48001603 DLC20260227111611.0810815s1948 xx ac 000 0 eng  amed48001603  a(OCoLC)14645460 aDLCcDNLMdOCoLCdDLC apremarc00aRC81b.S33 19480 aWB 120bS368L 19481 aScholl, B. Frankq(Benjamin Franklin),d1860-1933.10aLibrary of health,bcomplete guide to prevention and cure of disease; containing practical information on anatomy, physiology and preventive medicine ... aRev. 1948 ed. aPhiladelphia,bHistorical Pub. Co.c[1948] a1775 p.bill., ports. c39055d39055